| 000 | 00596nam a2200181Ia 4500 | ||
|---|---|---|---|
| 003 | IN-BaIIA | ||
| 008 | 211028s9999 xx 000 0 eng d | ||
| 040 | _cIIA Library | ||
| 080 |
_a083.7:621.315.615.2 _bISI |
||
| 110 | _aIndian Standards Institution | ||
| 245 | 0 |
_aIndian Standard Standard Specification for New Insulating Oils _cIndian Standards Institution |
|
| 260 |
_aNew Delhi _bIndian Standards Institution _c1984 |
||
| 300 | _a31p. | ||
| 650 |
_aInsulating Oils-Standards _915171 |
||
| 650 | _aNASA Thesaurus | ||
| 650 |
_aStandards _98876 |
||
| 942 | _cBK | ||
| 999 |
_c9019 _d9019 |
||